00622nam a2200169 a 4500003000200000005001700002008004100019050002800060100002600088245008400114260009300198300004900291504004100340650001700381650002800398650002600426020250225103740.0111114s19uu xx 00 eng d aPGS QR 761.5b.J83 2011 aJose, Klyde Jasper F. aEffect of homemade mouthwash on Streptococcus pyogenes /cKlyde Jasper F. Jose. aLas Piñas City, Philippines : bSouthville International School and Colleges, c2011. a23 pages :bcolored illustrations ; c28 cm. aIncludes bibliographical references. aMouthwashes. aStreptococcus pyogenes. aAntibacterial agents.